000 00985nam a22002897a 4500
001 BR7701599
003 BR-BrBNA
005 20230928085224.0
007 ta
008 230509b bl.||||| |||| 00| 0 por d
040 _aBR-BrBNA
_bpor
_cBiblioteca Nacional de Agricultura
041 _a(Por)
072 _aF00; F60
_b0710
_b3690
_b/G514
090 _ 0710 BR7701599
100 1 _aPasqual, M.
110 1 _aEscola Superior de Agricultura de Lavras, MG (Brasil)
_0Tese (Mestrado)
245 1 _aEfeito do clima, oleo mineral e dinitro-ortho-cresol na quebra de dormencia e producao da macieira (Malus communis DC)cultivar 'golden delicious' [Regulador de crescimento; Brasil]
260 3 _aLavras, MG (Brasil):
_c1976.
300 _a56 p.
500 _a15 tables; 8 illus.; Summaries (Eng, Por); 35 ref.
650 _aMaca
650 _aRegulador de crescimento
650 _aClima
650 _aQuebra da dormencia
909 _a202309
_bLucia
_c55
_dLucia Elande
942 _cBK
999 _c23355
_d23355